=LDR 00000nam 2200000 4500 =001 INLIS000000000011325 =005 20141220100443.0 =006 =007 =008 Ind =035 ##$$0010-061300000011325 =041 ##$$a Ind =082 ##$$a 959.8 =090 ##$$a 959.8, Kar p =100 ##$$a Kartodirdjo, Sartono =245 ##$$a Pengantar sejarah Indonesia baru 1500-1900 dari emponium sampai imperium, Sartono Kartodirjo =260 ##$$a 1995 $b Jakarta =300 ##$$a XXV,406 hlm, ilus, 21 cm =650 ##$$a Sejarah Indonesia =850 ##$$a NBPNMAT =990 ##$$a 0001/BPAP-NTB/20142015 =990 ##$$a 0001/BPAP-NTB/2015 =990 ##$$a 0001/BPAP-NTB/2015